[Event "Baden-ch U14/20 Girls"]
[Site "Karlsruhe Durlach"]
[Date "2012.01.03"]
[Round "4"]
[White "Kast, Larissa"]
[Black "Clancy, Johanna"]
[Result "1/2-1/2"]
[WhiteElo "1243"]
[BlackElo "1006"]
[PlyCount "88"]
[EventDate "2012.01.02"]
[EventType "swiss"]
[EventRounds "7"]
[EventCountry "GER"]
[SourceTitle "EXT 2015"]
[Source "ChessBase"]
[SourceDate "2014.11.20"]
[SourceVersion "1"]
[SourceVersionDate "2014.11.20"]
[SourceQuality "1"]

1. e4 e6 2. d4 d5 3. exd5 exd5 4. Nf3 Bd6 5. Nc3 Ne7 6. Bd3 Bg4 7. h3 Bxf3 8. Qxf3 Nbc6 9. Ne2 Qd7 10. c3 0-0-0 11. b4 Rde8 12. a4 f6 13. a5 Qe6 14. b5 Nd8 15. b6 a6 16. bxc7 Bxc7 17. Bf4 Bxf4 18. Qxf4 Ndc6 19. 0-0 g5 20. Qg3 h5 21. Rfb1 Nf5 22. Bxf5 Qxf5 23. Rb2 h4 24. Qd6 Re6 25. Qc5 Rh7 26. Rab1 Rxe2 27. Qf8+ Nd8 28. Kh1 Qxf2 29. Rxe2 Qxe2 30. Qxf6 Qe7 31. Qf5+ Ne6 32. Qxd5 Qf7 33. Qc4+ Kd8 34. Re1 Rh6 35. d5 Nc7 36. Qc5 Nb5 37. c4 Nd6 38. Qd4 Rf6 39. Kh2 Rf4 40. Qh8+ Qf8 41. Qxf8+ Rxf8 42. c5 Nb5 43. Rd1 Rf5 44. c6 bxc6 1/2-1/2